New Catholic encyclopedia V.11 : Pau to Pyx V.12

Wedi'i Gadw mewn:
Manylion Llyfryddiaeth
Fformat: Llyfr
Cyhoeddwyd: McGraw-Hill 1967
Tagiau: Ychwanegu Tag
Dim Tagiau, Byddwch y cyntaf i dagio'r cofnod hwn!
Thư viện lưu trữ: Mạng thư viện Đại học Đà Nẵng
LEADER 00561nam a2200205 a 4500
001 000030332
003 15671
005 20171030145630.0
008 171030s1967
040 |a LTT 
082 0 |a 282.03  |b Ne-C 
245 0 0 |a New Catholic encyclopedia V.11 : Pau to Pyx  |c Prepared by an Editorial Staff at the Catholic University of America.  |n V.12 
260 |b McGraw-Hill  |c 1967 
OWN |a LTT 
999 |a From the UDN01 
TYP |a Monograph 
TYP |a Printed language 
980 |a Mạng thư viện Đại học Đà Nẵng